LIBRARY & INFORMATION CENTRE, KCAET, TAVANUR

ONLINE PUBLIC ACCESS CATALOGUE (OPAC)

Gardening Under Lights (Record no. 19033)

MARC details
000 -LEADER
fixed length control field 00399nam a22001577a 4500
003 - CONTROL NUMBER IDENTIFIER
control field OSt
008 - FIXED-LENGTH DATA ELEMENTS--GENERAL INFORMATION
fixed length control field 250116b |||||||| |||| 00| 0 eng d
041 ## - LANGUAGE CODE
Language code of text/sound track or separate title eng
082 ## - DEWEY DECIMAL CLASSIFICATION NUMBER
Classification number 635.954
Item number MUR/GA
100 ## - MAIN ENTRY--AUTHOR NAME
Personal name Murphy, Wendy B
245 ## - TITLE STATEMENT
Title Gardening Under Lights
260 ## - PUBLICATION, DISTRIBUTION, ETC. (IMPRINT)
Place of publication Virginia,
Name of publisher Time Life Books,
Year of publication 1978.
300 ## - PHYSICAL DESCRIPTION
Number of Pages 160pages.
650 ## - SUBJECT ADDED ENTRY--TOPICAL TERM
Topical Term Editor of Time Life Books
942 ## - ADDED ENTRY ELEMENTS (KOHA)
Koha item type Books
Holdings
Withdrawn status Lost status Damaged status Home library Current library Date acquired Source of acquisition Cost, normal purchase price Full call number Accession Number Koha item type
      KAUAET KAUAET 16/01/2025 Standard Book House, Thrissur. 170.94 635.954 MUR/GA 15366 Books
free website counter